000 01165nam a2200301 i 4500
001 000034467
003 DO-SdBNP
005 20240118133004.0
007 ta
008 111004s2003 ve ac 000 0 spa d
020 _a980120379x
040 _aDO-SdBNP
_bspa
_cBNPHU
_erda
082 4 _a972.93
_bP852s
_222
100 1 _aPortillo, Julio,
_d1944-
_916192
_eautor
245 1 0 _aSanto Domingo :
_bimaginación y vida 1860-1960 /
_cJulio Portillo.
264 _aCaracas, Venezuela :
_bArte,
_c2003.
300 _a252 páginas :
_bilustraciones, retratos ;
_c31 cm.
336 _2rdacontent
_atexto
_btxt
337 _2rdamedia
_asin mediación
_bn
338 _2rdacarrier
_avolumen
_bnc
500 _aIncluye referencias bibliográficas y notas al pie de las páginas.
590 _aInventariado, 204/BT
651 4 _aSanto Domingo (República Dominicana{Rpara}
_xHistoria
_xFotografías
_959899
651 4 _aSanto Domingo (República Dominicana : Ciudad{Rpara}
_xDescripciones
_xVistas
_957465
651 4 _aSanto Domingo (República Dominicana : Ciudad{Rpara}
_xDescripciones
_xFotografías
_957466
910 _aValidado. Control de calidad EMS
942 _2ddc
_cLBS1
999 _c33958
_d33958